[Event "LSS OP-2009-0-00828"]
[Site "LSS email"]
[Date "2009.04.30"]
[Round "?"]
[White "Vlasov, Andrey"]
[Black "Waterslag, Ina"]
[Result "1-0"]
[WhiteElo "1810"]
[BlackElo "800"]
[PlyCount "99"]
[EventDate "2009.04.26"]
[EventType "tourn (corr)"]
[EventRounds "4"]
[EventCountry "GER"]
[SourceTitle "Corr 2011"]
[Source "ChessBase"]
[SourceDate "2010.08.31"]
[SourceVersion "1"]
[SourceVersionDate "2010.08.31"]
[SourceQuality "1"]

1. d4 Nf6 2. c4 g6 3. Nc3 d5 4. Nf3 Bg7 5. e3 c6 6. Be2 0-0 7. 0-0 Nbd7 8. cxd5 Nxd5 9. e4 N5b6 10. Bg5 h6 11. Be3 Nf6 12. Qc1 Kh7 13. h3 Be6 14. Nd2 Qc8 15. f4 Rd8 16. Qe1 Bxh3 17. gxh3 Qxh3 18. Rf3 Qd7 19. Qh4 e6 20. Rh3 Rh8 21. Kf2 Kg8 22. Rg1 Kf8 23. Ke1 Rd8 24. Kd1 Nc8 25. Kc2 b5 26. Kb1 b4 27. Na4 Nb6 28. Nc5 Qe7 29. Nc4 Nbd7 30. Nb7 Rb8 31. Nbd6 Nb6 32. f5 b3 33. e5 bxa2+ 34. Kxa2 Nbd5 35. exf6 Bxf6 36. Qg3 Nxe3 37. Qxe3 exf5 38. Rd1 Qe6 39. Qxe6 fxe6 40. Bf3 c5 41. dxc5 e5 42. Bb7 Ke7 43. c6 Ke6 44. c7 Be7 45. c8Q+ Rhxc8 46. Bxc8+ Kf6 47. Rxh6 Kg5 48. Rh7 Bf6 49. Rg1+ Kf4 50. Rxg6 1-0

[Event "LSS OP-2009-0-00828"]
[Site "LSS email"]
[Date "2009.04.30"]
[Round "?"]
[White "Waterslag, Ina"]
[Black "Sinygovsky, Vladimir"]
[Result "0-1"]
[WhiteElo "800"]
[BlackElo "930"]
[PlyCount "94"]
[EventDate "2009.04.26"]
[EventType "tourn (corr)"]
[EventRounds "4"]
[EventCountry "GER"]
[SourceTitle "Corr 2011"]
[Source "ChessBase"]
[SourceDate "2010.08.31"]
[SourceVersion "1"]
[SourceVersionDate "2010.08.31"]
[SourceQuality "1"]

1. e4 Nf6 2. e5 Nd5 3. d4 d6 4. c4 Nb6 5. exd6 cxd6 6. Nc3 Nc6 7. Be3 Na5 8. b3 g6 9. Bd3 Bg7 10. Nge2 Bg4 11. 0-0 0-0 12. Qd2 Qd7 13. Rac1 Nc6 14. h3 Bf5 15. Nd5 Bxd3 16. Qxd3 Nxd5 17. cxd5 Nb4 18. Qd2 Nxd5 19. Bh6 Rac8 20. Bxg7 Kxg7 21. Rc4 b5 22. Rcc1 Rxc1 23. Rxc1 Rc8 24. Rc2 b4 25. Rc4 a5 26. Qc2 Nb6 27. Rxc8 Qxc8 28. Qxc8 Nxc8 29. f4 Kf6 30. Kf2 Ke6 31. Ke3 Nb6 32. g3 Nd5+ 33. Kd3 Kf6 34. Kc4 e6 35. Nc1 Kf5 36. Kd3 Nc3 37. Ke3 h5 38. Kf3 g5 39. fxg5 Kxg5 40. Ke3 h4 41. g4 Nd5+ 42. Kf3 Nf4 43. Ne2 Nxh3 44. d5 e5 45. Kg2 Nf4+ 46. Kf3 Nxe2 47. Kxe2 Kxg4 0-1